[Event "CZE-chT2B 0910"]
[Site "Czech Republic"]
[Date "2010.03.28"]
[Round "10.6"]
[White "Burda, Roman"]
[Black "Misicko, Jan"]
[Result "1/2-1/2"]
[WhiteElo "2128"]
[BlackElo "2035"]
[PlyCount "32"]
[EventDate "2009.10.18"]
[EventType "team-tourn"]
[EventRounds "11"]
[EventCountry "CZE"]
[SourceTitle "EXT 2012"]
[Source "ChessBase"]
[SourceDate "2011.11.24"]
[SourceVersion "1"]
[SourceVersionDate "2011.11.24"]
[SourceQuality "1"]
[WhiteTeam "Neratovice"]
[BlackTeam "Kladno"]
[WhiteTeamCountry "CZE"]
[BlackTeamCountry "CZE"]

1. e4 c5 2. c3 e6 3. d4 cxd4 4. cxd4 d5 5. exd5 exd5 6. Nc3 Nf6 7. Bb5+ Nc6 8. Nf3 Be7 9. 0-0 0-0 10. Re1 Bg4 11. h3 Bxf3 12. Qxf3 Nxd4 13. Qd3 Nxb5 14. Qxb5 d4 15. Qxb7 dxc3 16. Qxe7 cxb2 1/2-1/2

[Event "CZE-chT2B 0910"]
[Site "Czech Republic"]
[Date "2010.02.28"]
[Round "8.6"]
[White "Burda, Roman"]
[Black "Plesek, Jiri"]
[Result "0-1"]
[WhiteElo "2128"]
[BlackElo "2150"]
[PlyCount "120"]
[EventDate "2009.10.18"]
[EventType "team-tourn"]
[EventRounds "11"]
[EventCountry "CZE"]
[SourceTitle "EXT 2012"]
[Source "ChessBase"]
[SourceDate "2011.11.24"]
[SourceVersion "1"]
[SourceVersionDate "2011.11.24"]
[SourceQuality "1"]
[WhiteTeam "Neratovice"]
[BlackTeam "Pankrac II"]
[WhiteTeamCountry "CZE"]
[BlackTeamCountry "CZE"]

1. e4 c6 2. d4 d5 3. exd5 cxd5 4. Nf3 Nc6 5. Nc3 Bg4 6. Bb5 e6 7. h3 Bxf3 8. Qxf3 Bd6 9. 0-0 Nge7 10. Qg4 0-0 11. Bg5 Qb6 12. Bxc6 Qxc6 13. h4 Nf5 14. Rad1 Rac8 15. Rd3 b5 16. a3 a5 17. Rf3 Kh8 18. a4 bxa4 19. Ra1 Qb6 20. Nxd5 Qxd4 21. Qxd4 Nxd4 22. Rd3 Nxc2 23. Nb6 Nxa1 24. Nxc8 Be5 25. Nb6 h6 26. Nd7 hxg5 27. Nxe5 gxh4 28. Ra3 Nb3 29. Rxa4 Kg8 30. Rxh4 Rb8 31. Rc4 f6 32. Nc6 Rb5 33. f4 Rc5 34. Rxc5 Nxc5 35. Nxa5 Nd3 36. Nc6 Nxf4 37. b4 Nd5 38. Kf2 Kf7 39. Kf3 Ke8 40. b5 Kd7 41. Nd4 Kd6 42. Ke4 g6 43. g4 e5 44. Nf3 Nc3+ 45. Kd3 Nxb5 46. Nh4 g5 47. Nf5+ Ke6 48. Ng7+ Kd5 49. Ne8 e4+ 50. Ke3 Ke5 51. Ng7 Nc3 52. Nh5 Nd5+ 53. Kf2 Kd4 54. Ng3 Kd3 55. Ne2 Nf4 56. Nc1+ Kc2 57. Ne2 Kd2 58. Ng3 e3+ 59. Kf3 e2 60. Ne4+ Kd3 0-1

[Event "CZE-chT2b 0607"]
[Site "Czech Republic"]
[Date "2006.12.17"]
[Round "5"]
[White "Janda, Zdenek"]
[Black "Burda, Roman"]
[Result "1-0"]
[WhiteElo "2180"]
[BlackElo "2145"]
[PlyCount "49"]
[EventDate "2006.10.15"]
[EventType "team"]
[EventRounds "11"]
[EventCountry "CZE"]
[SourceTitle "EXT 2009"]
[Source "ChessBase"]
[SourceDate "2008.11.26"]
[SourceVersion "1"]
[SourceVersionDate "2008.11.26"]
[SourceQuality "1"]

1. c4 e5 2. b3 Nc6 3. Bb2 Bc5 4. Nc3 d6 5. e3 Nf6 6. d3 0-0 7. Nf3 Bg4 8. Be2 d5 9. 0-0 dxc4 10. dxc4 Qe7 11. a3 a5 12. Qc2 Rfd8 13. Ng5 Bxe2 14. Qxe2 Rd7 15. Qc2 Rad8 16. Nd5 Rxd5 17. cxd5 Rxd5 18. Qc4 Bb6 19. b4 axb4 20. axb4 Rd8 21. Rfd1 Rxd1+ 22. Rxd1 h6 23. Ne4 Qxb4 24. Rd8+ Kh7 25. Nxf6+ 1-0